[Event "4NCL Online Division 4"]
[Site "online"]
[Date "2020.05.26"]
[Round "8.14"]
[White "Blair, Jimmy"]
[Black "Wadsworth, Mark S"]
[Result "0-1"]
[WhiteElo "1375"]
[BlackElo "1660"]
[PlyCount "122"]
[EventDate "2020.05.26"]
[WhiteTeam "War & Piece"]
[BlackTeam "Atticus B"]

1. e4 c5 2. Nf3 Nc6 3. Bc4 e6 4. d3 Nge7 5. Nc3 d5 6. exd5 exd5 7. Bb5 a6 8.
Bxc6+ Nxc6 9. Qe2+ Be7 10. O-O O-O 11. Bf4 Bg4 12. h3 Bh5 13. g4 Bg6 14. Ne5
Bf6 15. Nxc6 bxc6 16. Qf3 Re8 17. Rfe1 Qa5 18. Ne2 Bxb2 19. Rab1 Bd4 20. Red1
Bf6 21. g5 Be5 22. Bd2 Qc7 23. Nf4 Rab8 24. Nxg6 fxg6 25. Rxb8 Rxb8 26. Re1 Rf8
27. Qg4 Qf7 28. f3 Bd4+ 29. Kg2 Re8 30. Rxe8+ Qxe8 31. Kg3 Kf7 32. Qf4+ Kg8 33.
Qg4 Be5+ 34. f4 Bd6 35. c3 Kf7 36. h4 Qe6 37. Qxe6+ Kxe6 38. Kg4 Be7 39. c4 h5+
40. gxh6 gxh6 41. h5 gxh5+ 42. Kxh5 Kf5 43. Kxh6 Bd6 44. a4 Bxf4+ 45. Bxf4 Kxf4
46. Kg6 Ke3 47. Kf5 Kxd3 48. cxd5 cxd5 49. Ke5 d4 50. Kd5 c4 51. Kc5 c3 52. Kb6
c2 53. Kxa6 c1=Q 54. Kb6 Qc8 55. a5 Qa8 56. a6 Kc2 57. a7 d3 58. Ka6 d2 59. Kb6
d1=Q 60. Ka6 Qb1 61. Ka5 Qxa7# 0-1

[Event "4NCL Online Division 4"]
[Site "online"]
[Date "2020.05.26"]
[Round "8.21"]
[White "Kolani, Arjun"]
[Black "Robbings, Andrew MJ"]
[Result "1/2-1/2"]
[WhiteElo "1937"]
[BlackElo "2027"]
[PlyCount "105"]
[EventDate "2020.05.26"]
[WhiteTeam "Battersea Howitzers"]
[BlackTeam "Wantage"]

1. e4 e6 2. d4 d5 3. Nc3 Bb4 4. Nge2 Ne7 5. a3 Ba5 6. b4 Bb6 7. Bb2 O-O 8. g3
a5 9. Bg2 axb4 10. axb4 Rxa1 11. Qxa1 Nbc6 12. b5 Nxd4 13. Nxd4 Bxd4 14. Nxd5
Bxb2 15. Nxe7+ Qxe7 16. Qxb2 Qc5 17. O-O Bd7 18. Rb1 e5 19. Bf1 Bg4 20. Qb3 Rd8
21. Bc4 Bh5 22. Bd5 c6 23. bxc6 bxc6 24. Qb8 Rf8 25. Qxe5 cxd5 26. Qxh5 Qxc2
27. Re1 dxe4 28. Qe2 Qxe2 29. Rxe2 f5 30. Kg2 Kf7 31. f3 exf3+ 32. Kxf3 Kf6 33.
g4 Rb8 34. gxf5 Kxf5 35. Re3 g5 36. Ra3 Rb5 37. Kg3 h5 38. h3 Rd5 39. Ra8 h4+
40. Kg2 Rd2+ 41. Kf3 Rd3+ 42. Kg2 Rg3+ 43. Kh2 Ke4 44. Ra4+ Kf5 45. Ra5+ Kg6
46. Ra6+ Kh5 47. Ra8 Re3 48. Ra6 Re2+ 49. Kg1 Re5 50. Kh2 g4 51. hxg4+ Kxg4 52.
Ra4+ Kg5 53. Ra8 1/2-1/2

[Event "4NCL Online Division 4"]
[Site "online"]
[Date "2020.05.26"]
[Round "8.22"]
[White "Carter, John P"]
[Black "Buanne, Luca"]
[Result "1-0"]
[WhiteElo "1802"]
[BlackElo "1922"]
[PlyCount "101"]
[EventDate "2020.05.26"]
[WhiteTeam "Wantage"]
[BlackTeam "Battersea Howitzers"]

1. d4 Nf6 2. Nc3 d5 3. h4 Bf5 4. e3 e6 5. f3 h6 6. Bd3 Bxd3 7. Qxd3 c5 8. Qb5+
Qd7 9. Qxd7+ Kxd7 10. Nge2 Nc6 11. a3 Be7 12. dxc5 Bxc5 13. h5 a5 14. Bd2 Ne5
15. Nd4 Nc4 16. Na4 Bxd4 17. exd4 b5 18. Nc5+ Kc6 19. b3 Nd6 20. a4 b4 21. c3
bxc3 22. Bxc3 Nd7 23. Nxd7 Kxd7 24. Kd2 Rhb8 25. Rab1 Rb7 26. Rhc1 Rab8 27.
Bxa5 Nc4+ 28. Rxc4 dxc4 29. b4 Kd6 30. Kc3 Ra8 31. Re1 Rc8 32. Re5 f6 33. Rc5
Rxc5 34. dxc5+ Kd5 35. Bb6 Rb8 36. a5 e5 37. b5 f5 38. c6 e4 39. fxe4+ fxe4 40.
a6 Re8 41. Be3 Rf8 42. c7 Re8 43. b6 Kc6 44. b7 Kxc7 45. Bf4+ Kd7 46. a7 e3 47.
b8=Q e2 48. Qxe8+ Kxe8 49. a8=Q+ Kf7 50. Qe4 e1=Q+ 51. Qxe1 1-0

[Event "4NCL Online Division 4"]
[Site "online"]
[Date "2020.05.26"]
[Round "8.23"]
[White "Dupuis, Denis K"]
[Black "Mills, Matt"]
[Result "1-0"]
[WhiteElo "1870"]
[BlackElo "1465"]
[PlyCount "39"]
[EventDate "2020.05.26"]
[WhiteTeam "Battersea Howitzers"]
[BlackTeam "Wantage"]

1. e4 e5 2. Nf3 Nc6 3. Bc4 Nf6 4. d3 Bc5 5. O-O O-O 6. c3 a6 7. d4 exd4 8. cxd4
Ba7 9. Bg5 h6 10. Bh4 g5 11. Bg3 Nxe4 12. Qd3 Nxg3 13. Qg6+ Kh8 14. Qxh6+ Kg8
15. Nxg5 Qxg5 16. Qxg5+ Kh8 17. hxg3 Bxd4 18. Nc3 Bg7 19. Bd3 d6 20. Qh5+ 1-0

[Event "4NCL Online Division 4"]
[Site "online"]
[Date "2020.05.26"]
[Round "8.24"]
[White "Cordon, Ray"]
[Black "Steiners, Emils"]
[Result "0-1"]
[WhiteElo "1232"]
[BlackElo "1405"]
[PlyCount "112"]
[EventDate "2020.05.26"]
[WhiteTeam "Wantage"]
[BlackTeam "Battersea Howitzers"]

1. e4 e6 2. d4 d5 3. Nc3 Bb4 4. Nge2 dxe4 5. a3 Ba5 6. b4 Bb6 7. Nxe4 Nc6 8. c3
a6 9. Be3 Nge7 10. Nd2 e5 11. Nc4 exd4 12. Nxb6 cxb6 13. Nxd4 Nxd4 14. Qxd4 O-O
15. Qxb6 Qxb6 16. Bxb6 Nd5 17. Bd4 Re8+ 18. Kd2 Be6 19. Bc4 Rac8 20. Bxd5 Bxd5
21. f3 Re6 22. Rhe1 Rce8 23. Re3 f6 24. Rae1 Rxe3 25. Rxe3 Rxe3 26. Bxe3 Kf7
27. Kd3 Ke6 28. Kd4 Kd6 29. c4 Be6 30. c5+ Kc6 31. g3 h5 32. h4 Bd7 33. Bf4 Bc8
34. Be3 Bd7 35. f4 Bf5 36. Kc3 Kd5 37. Bf2 Ke4 38. Kd2 Kd5 39. Kc3 Be6 40. Be3
Ke4 41. Kd2 Kf3 42. Bd4 Kxg3 43. Ke3 Bd5 44. Bc3 Kxh4 45. Be1+ Kg4 46. Kd4 Bc6
47. Bd2 h4 48. Be3 h3 49. Bd2 h2 50. Kc3 h1=Q 51. Kc4 Bb5+ 52. Kb3 Qb1+ 53. Kc3
Qd3+ 54. Kb2 Qxd2+ 55. Ka1 Bc4 56. c6 Qa2# 0-1

[Event "4NCL Online Division 4"]
[Site "online"]
[Date "2020.05.26"]
[Round "8.31"]
[White "Rossiter, Alex"]
[Black "Hill, Jonathan S"]
[Result "1/2-1/2"]
[WhiteElo "1997"]
[BlackElo "1975"]
[PlyCount "79"]
[EventDate "2020.05.26"]
[WhiteTeam "Bristol Cabot Blackbeards"]
[BlackTeam "Urmston"]

1. e4 c5 2. d4 cxd4 3. c3 Nf6 4. e5 Nd5 5. Nf3 e6 6. cxd4 d6 7. a3 Bd7 8. Bd3
Bc6 9. O-O Nd7 10. Re1 Be7 11. b4 a6 12. Nbd2 dxe5 13. dxe5 Nc3 14. Qc2 Rc8 15.
Ne4 Nxe4 16. Bxe4 Bd5 17. Qd3 Nb6 18. Be3 Bxe4 19. Qxe4 Nd5 20. Qg4 g6 21. Bh6
Bf8 22. Bxf8 Kxf8 23. Rac1 Rxc1 24. Rxc1 h5 25. Qe4 Kg7 26. h4 Qd7 27. Qc4 Rd8
28. Ng5 Qe7 29. g3 Rd7 30. Ne4 Rc7 31. Qf1 Rxc1 32. Qxc1 b6 33. Qc8 Qc7 34.
Qxc7 Nxc7 35. Kf1 a5 36. bxa5 bxa5 37. Nc5 a4 38. Nxa4 Nb5 39. Ke2 Nxa3 40. f4
1/2-1/2

[Event "4NCL Online Division 4"]
[Site "online"]
[Date "2020.05.26"]
[Round "8.32"]
[White "Whalley, Mark E"]
[Black "Turner, Lewis A"]
[Result "0-1"]
[WhiteElo "1712"]
[BlackElo "1802"]
[PlyCount "48"]
[EventDate "2020.05.26"]
[WhiteTeam "Urmston"]
[BlackTeam "Bristol Cabot Blackbeards"]

1. d4 d5 2. Bf4 Nf6 3. e3 c5 4. c3 e6 5. Nf3 Bd6 6. Bg3 O-O 7. Nbd2 Qc7 8. Bd3
Nbd7 9. O-O b6 10. e4 Bxg3 11. hxg3 dxe4 12. Nxe4 Bb7 13. Nxf6+ Nxf6 14. dxc5
Qxc5 15. Qe2 Rad8 16. Rfe1 Ng4 17. Nd4 Qh5 18. Qc2 Qh2+ 19. Kf1 Qxg2+ 20. Ke2
Qxf2+ 21. Kd1 Ne3+ 22. Rxe3 Qxe3 23. Bxh7+ Kh8 24. Qh2 Qh6 0-1

[Event "4NCL Online Division 4"]
[Site "online"]
[Date "2020.05.26"]
[Round "8.33"]
[White "Marston, Alastair"]
[Black "Reyes, John"]
[Result "1/2-1/2"]
[WhiteElo "1720"]
[BlackElo "1660"]
[PlyCount "104"]
[EventDate "2020.05.26"]
[WhiteTeam "Bristol Cabot Blackbeards"]
[BlackTeam "Urmston"]

1. Nf3 d5 2. d4 c6 3. c4 Nf6 4. g3 Bg4 5. Ne5 Bh5 6. Nc3 e6 7. Qb3 b6 8. cxd5
Nxd5 9. Bg2 Bd6 10. Nxd5 Bxe5 11. Nf4 Bxf4 12. Bxf4 Qd7 13. Rc1 O-O 14. e3 Rc8
15. O-O f6 16. Bh3 Bf7 17. Bxb8 Raxb8 18. Rc3 Rc7 19. Rfc1 Rbc8 20. Qa4 Qd6 21.
b4 Bg6 22. Bg2 Be8 23. Qb3 Bf7 24. a3 e5 25. dxe5 Qxe5 26. Qd1 c5 27. bxc5 Rxc5
28. Rxc5 Rxc5 29. Qd8+ Qe8 30. Rd1 h6 31. Bd5 Qxd8 32. Bxf7+ Kxf7 33. Rxd8 a5
34. Rb8 Rc3 35. a4 Rb3 36. h4 Kg6 37. Kg2 Rb4 38. Kf3 Rxa4 39. Rxb6 Rb4 40. Ra6
a4 41. e4 Kf7 42. Ra7+ Kg6 43. g4 Rb3+ 44. Kf4 a3 45. h5+ Kh7 46. f3 Rc3 47.
Ra5 Rd3 48. Ra7 Rb3 49. Ra5 Rc3 50. Ra7 Rb3 51. Ra5 Rc3 52. Ra7 Rb3 1/2-1/2

[Event "4NCL Online Division 4"]
[Site "online"]
[Date "2020.05.26"]
[Round "8.34"]
[White "Randall, Grant"]
[Black "Burnett, Philip"]
[Result "1/2-1/2"]
[WhiteElo "1540"]
[BlackElo "1390"]
[PlyCount "53"]
[EventDate "2020.05.26"]
[WhiteTeam "Urmston"]
[BlackTeam "Bristol Cabot Blackbeards"]

1. e4 c6 2. d4 d5 3. exd5 cxd5 4. Bd3 e6 5. Nf3 Nf6 6. O-O Be7 7. h3 O-O 8. Bf4
Bd6 9. Bxd6 Qxd6 10. c3 b6 11. Nbd2 Nbd7 12. Re1 Re8 13. Ne5 Bb7 14. Ndf3 Rac8
15. Qc2 h6 16. Nxd7 Nxd7 17. Ne5 f6 18. Bh7+ Kf8 19. Ng6+ Kf7 20. Nh4 Kf8 21.
Re2 f5 22. Rae1 Nf6 23. Ng6+ Kf7 24. Ne5+ Kf8 25. Ng6+ Kf7 26. Ne5+ Kf8 27.
Ng6+ 1/2-1/2

[Event "4NCL Online Division 4"]
[Site "online"]
[Date "2020.05.26"]
[Round "8.41"]
[White "Gill, Percy TP"]
[Black "Dicen, Imogen"]
[Result "1-0"]
[WhiteElo "1810"]
[BlackElo "1847"]
[PlyCount "127"]
[EventDate "2020.05.26"]
[WhiteTeam "Camborne & Redruth"]
[BlackTeam "Warwickshire Bears A"]

1. d4 f5 2. g3 Nf6 3. Bg2 e6 4. Nf3 Be7 5. O-O O-O 6. c4 d6 7. Nc3 Na6 8. a3 c5
9. e3 Bd7 10. Rb1 Rb8 11. Re1 Kh8 12. b4 b6 13. b5 Nc7 14. a4 Ne4 15. Bb2 Nxc3
16. Bxc3 Ne8 17. dxc5 bxc5 18. Qc2 Nf6 19. Red1 Qc7 20. Qb2 e5 21. Nd2 Be6 22.
Rbc1 Nd7 23. Qa1 Bf6 24. f4 e4 25. a5 Bxc3 26. Qxc3 Nf6 27. Nb3 Rfc8 28. Bf1
Qe7 29. Be2 h6 30. a6 d5 31. Na5 Rb6 32. Nc6 Qf7 33. Ne5 Qc7 34. Rd2 dxc4 35.
Bxc4 Bxc4 36. Qxc4 Kh7 37. Rcd1 Qe7 38. Nc6 Qc7 39. Qxc5 g6 40. Rd6 Rf8 41.
Rd7+ Nxd7 42. Qe7+ Kg8 43. Rxd7 Qxd7 44. Qxd7 Rf7 45. Qd5 Kg7 46. Ne5 Re7 47.
Qd8 Rbe6 48. Nc6 Rf7 49. Qd4+ Ref6 50. Nxa7 g5 51. b6 Kg6 52. b7 Rf8 53. Nc8
Rxa6 54. b8=Q Raf6 55. Ne7+ Kh5 56. Qbe5 Rc6 57. Nxc6 Rc8 58. Qd1+ Kg6 59. Ne7+
Kf7 60. Nxc8 gxf4 61. Qxf5+ Kg7 62. Qe6 Kh8 63. Qdd7 fxe3 64. Qee8# 1-0

[Event "4NCL Online Division 4"]
[Site "online"]
[Date "2020.05.26"]
[Round "8.42"]
[White "Shearsby, Jude"]
[Black "Smith, Richard AL"]
[Result "1-0"]
[WhiteElo "1847"]
[BlackElo "1787"]
[PlyCount "73"]
[EventDate "2020.05.26"]
[WhiteTeam "Warwickshire Bears A"]
[BlackTeam "Camborne & Redruth"]

1. d4 d5 2. Bf4 e6 3. e3 Bd6 4. Nf3 Bxf4 5. exf4 Ne7 6. Bd3 Qd6 7. Ne5 f6 8.
Qh5+ g6 9. Bxg6+ Nxg6 10. Nxg6 hxg6 11. Qxh8+ Qf8 12. Qxf8+ Kxf8 13. Nc3 a6 14.
O-O-O Nc6 15. h4 Bd7 16. h5 Kg7 17. hxg6 Rh8 18. Rxh8 Kxh8 19. Rh1+ Kg8 20. Rh7
Nb8 21. g4 b5 22. f5 c6 23. fxe6 Bxe6 24. Re7 Bd7 25. Ne2 Kf8 26. g7+ Kg8 27.
Nf4 Bxg4 28. Re8+ Kxg7 29. Rxb8 Kh6 30. Rb6 Kg5 31. Nd3 Be2 32. Rxc6 Bxd3 33.
cxd3 f5 34. Rxa6 Kf4 35. Kd2 Kf3 36. Ke1 f4 37. Rb6 1-0

[Event "4NCL Online Division 4"]
[Site "online"]
[Date "2020.05.26"]
[Round "8.43"]
[White "Oates, Thomas"]
[Black "Chen, Daniel Xingyu"]
[Result "1-0"]
[WhiteElo "1645"]
[BlackElo "1832"]
[PlyCount "41"]
[EventDate "2020.05.26"]
[WhiteTeam "Camborne & Redruth"]
[BlackTeam "Warwickshire Bears A"]

1. d4 Nf6 2. c4 e5 3. dxe5 Ng4 4. Bf4 Nc6 5. Nf3 Bb4+ 6. Nc3 Bxc3+ 7. bxc3 Qe7
8. Qd5 O-O 9. h3 Nh6 10. e3 Nf5 11. Bd3 Nh4 12. O-O Nxf3+ 13. gxf3 Re8 14. Kh2
Nxe5 15. Rg1 d6 16. Rg3 Rb8 17. Rag1 g6 18. Bxg6 Nxg6 19. Rxg6+ hxg6 20. Rxg6+
Kh7 21. Qh5# 1-0

[Event "4NCL Online Division 4"]
[Site "online"]
[Date "2020.05.26"]
[Round "8.44"]
[White "Pal, Rohan"]
[Black "Humpleby, Richard"]
[Result "1-0"]
[WhiteElo "1832"]
[BlackElo "1555"]
[PlyCount "75"]
[EventDate "2020.05.26"]
[WhiteTeam "Warwickshire Bears A"]
[BlackTeam "Camborne & Redruth"]

1. e4 e5 2. Nf3 Nc6 3. Bc4 Nf6 4. d3 Be7 5. O-O O-O 6. Re1 d6 7. a4 a6 8. c3
Bg4 9. h3 Bxf3 10. Qxf3 Na5 11. Ba2 b5 12. b4 Nb7 13. a5 c5 14. Be3 cxb4 15.
cxb4 Rc8 16. d4 Qd7 17. d5 Ne8 18. g4 Bh4 19. Qg2 Rc2 20. Bb3 Rc8 21. Nd2 f6
22. Nf3 g5 23. Nxh4 gxh4 24. f4 Rc3 25. Rab1 exf4 26. Bxf4 Nd8 27. Be3 Nf7 28.
Qd2 Rc8 29. Bd4 Ng5 30. Kg2 Qe7 31. e5 Kh8 32. exf6 Qf7 33. Qxg5 Rg8 34. Qxh4
Rc2+ 35. Bxc2 Qxd5+ 36. Be4 Qa2+ 37. Rb2 Qf7 38. Bxh7 1-0

[Event "4NCL Online Division 4"]
[Site "online"]
[Date "2020.05.26"]
[Round "8.51"]
[White "Helsby, David C"]
[Black "Ibbitson, Anthony"]
[Result "1/2-1/2"]
[WhiteElo "1825"]
[BlackElo "1735"]
[PlyCount "104"]
[EventDate "2020.05.26"]
[WhiteTeam "Catford Cosmonauts 3"]
[BlackTeam "Bradford DCA Knights B"]

1. Nf3 d5 2. g3 Nf6 3. Bg2 Bf5 4. d3 h6 5. O-O e6 6. Nbd2 Be7 7. Re1 c6 8. c3
O-O 9. e4 Bh7 10. Qe2 dxe4 11. dxe4 Nbd7 12. e5 Nd5 13. Nf1 Nc5 14. Ne3 Bd3 15.
Qd1 Bh7 16. Nxd5 cxd5 17. h4 Qb6 18. b3 Ne4 19. Be3 Bc5 20. Qc1 Rac8 21. Nd4
Rc7 22. Bxe4 Bxe4 23. Ne2 Bxe3 24. Qxe3 Qxe3 25. fxe3 Bd3 26. Nd4 Rxc3 27. Kf2
a6 28. Rac1 Rfc8 29. Rxc3 Rxc3 30. a4 Kf8 31. Ra1 Ke7 32. Ke1 Be4 33. Kd2 Rc7
34. Ra2 f6 35. exf6+ gxf6 36. Ne2 Kd6 37. Nc3 Bf5 38. b4 Rg7 39. b5 Rxg3 40.
Ra3 Rg2+ 41. Ke1 Rg7 42. bxa6 bxa6 43. Rb3 Rc7 44. a5 Rc6 45. Ne2 e5 46. Rb8
Bg4 47. Kd2 h5 48. Nc3 f5 49. Rd8+ Ke6 50. Re8+ Kd6 51. Rd8+ Kc5 52. Rxd5+ Kc4
1/2-1/2

[Event "4NCL Online Division 4"]
[Site "online"]
[Date "2020.05.26"]
[Round "8.52"]
[White "Tait, Bill"]
[Black "Cassen, Robert"]
[Result "0-1"]
[WhiteElo "1640"]
[BlackElo "1802"]
[PlyCount "68"]
[EventDate "2020.05.26"]
[WhiteTeam "Bradford DCA Knights B"]
[BlackTeam "Catford Cosmonauts 3"]

1. e4 c5 2. Nc3 Nc6 3. f4 g6 4. Nf3 e6 5. d3 Nge7 6. g3 Bg7 7. Bg2 O-O 8. O-O
d5 9. e5 a6 10. Kh1 b5 11. a3 Bb7 12. Bd2 Rb8 13. h3 Nf5 14. Kh2 Re8 15. Re1
Bf8 16. h4 h5 17. Ng5 b4 18. axb4 cxb4 19. Na4 Nh6 20. Bf3 Nd4 21. Bxh5 gxh5
22. Qxh5 Qc7 23. Bxb4 Bg7 24. Bc3 Nxc2 25. Rac1 Nxe1 26. Rxe1 d4 27. Bd2 Qc6
28. Qe2 Qxa4 29. Qh5 Qc6 30. Rg1 Ba8 31. Ne4 Rxb2 32. Nf6+ Kh8 33. g4 Rxd2+ 34.
Kh3 Qf3+ 0-1

[Event "4NCL Online Division 4"]
[Site "online"]
[Date "2020.05.26"]
[Round "8.53"]
[White "Sedykh, Stakhey"]
[Black "Gallagher, Dominic"]
[Result "0-1"]
[WhiteElo "1772"]
[BlackElo "1570"]
[PlyCount "56"]
[EventDate "2020.05.26"]
[WhiteTeam "Catford Cosmonauts 3"]
[BlackTeam "Bradford DCA Knights B"]

1. e4 e5 2. Nf3 Nc6 3. Bb5 a6 4. Bxc6 dxc6 5. O-O f6 6. d4 exd4 7. Qxd4 Bg4 8.
Nbd2 Qxd4 9. Nxd4 O-O-O 10. c3 c5 11. N4b3 b6 12. Nc4 Be2 13. Ne3 Bxf1 14. Kxf1
Bd6 15. Nc2 Ne7 16. Be3 Ng6 17. g3 Rhe8 18. f3 Ne5 19. Ke2 Rd7 20. Ne1 Red8 21.
Ng2 g5 22. Nd2 c4 23. b3 Bc5 24. Rd1 Bxe3 25. Nxe3 cxb3 26. axb3 c6 27. h3 b5
28. Kf2 Rxd2+ 0-1

[Event "4NCL Online Division 4"]
[Site "online"]
[Date "2020.05.26"]
[Round "8.54"]
[White "Waite, Nicholas"]
[Black "Marchettini, Cristiano"]
[Result "0-1"]
[WhiteElo "1412"]
[BlackElo "1382"]
[PlyCount "74"]
[EventDate "2020.05.26"]
[WhiteTeam "Bradford DCA Knights B"]
[BlackTeam "Catford Cosmonauts 3"]

1. d4 d5 2. Nc3 Nf6 3. Bf4 Bf5 4. f3 e6 5. g4 Bg6 6. h4 h5 7. g5 Nfd7 8. e4
dxe4 9. fxe4 Bb4 10. Bd3 O-O 11. Nge2 Nc6 12. a3 Ba5 13. Be3 a6 14. Nf4 e5 15.
Nxg6 fxg6 16. Bc4+ Kh8 17. b4 exd4 18. Bxd4 Nxd4 19. Qxd4 Bb6 20. Qd5 Bf2+ 21.
Ke2 c6 22. Qe6 Qe8 23. Rad1 Qxe6 24. Bxe6 Ne5 25. Rhf1 Bxh4 26. Rh1 Bxg5 27.
Rdg1 Bf6 28. Rxg6 Nf7 29. Rxh5+ Kg8 30. e5 Rae8 31. exf6 Rxe6+ 32. Kd3 Rxf6 33.
Rxf6 gxf6 34. Ne4 Ne5+ 35. Ke2 Nc4 36. a4 Re8 37. Rh4 f5 0-1

[Event "4NCL Online Division 4"]
[Site "online"]
[Date "2020.05.26"]
[Round "8.61"]
[White "Pedersen, Carsten"]
[Black "Zakarian, Dimitrios Levon"]
[Result "1-0"]
[WhiteElo "2155"]
[BlackElo "1877"]
[PlyCount "115"]
[EventDate "2020.05.26"]
[WhiteTeam "Celtic Tigers Cubs"]
[BlackTeam "Oxford 3"]

1. e4 c5 2. Nc3 a6 3. g3 b5 4. Bg2 Bb7 5. d3 e6 6. f4 d6 7. Nf3 Nc6 8. O-O Nf6
9. h3 Be7 10. g4 Rc8 11. a3 O-O 12. Ne2 d5 13. e5 Nd7 14. c3 d4 15. Ng3 f6 16.
exf6 Nxf6 17. Ng5 Qd6 18. Qe2 dxc3 19. bxc3 Rfe8 20. Qxe6+ Qxe6 21. Nxe6 Bd6
22. Ng5 Rcd8 23. N3e4 Nxe4 24. Bxe4 Na5 25. Bxh7+ Kf8 26. Be4 Bxe4 27. dxe4 Nb3
28. Ra2 Nxc1 29. Rxc1 c4 30. Kg2 Kg8 31. e5 Bc5 32. a4 Be3 33. Rf1 Rd3 34. axb5
axb5 35. Ne4 Rb8 36. Rf3 b4 37. cxb4 Rxb4 38. Nf2 Rdb3 39. Nd1 Bc1 40. Rc2 Ba3
41. f5 Rxf3 42. Kxf3 Kf7 43. g5 Rb1 44. g6+ Ke7 45. Ne3 Rh1 46. Rxc4 Rxh3+ 47.
Ke4 Rh4+ 48. Kd5 Rxc4 49. Nxc4 Bb4 50. Ke4 Bc3 51. Ne3 Ba1 52. Nd5+ Ke8 53. f6
gxf6 54. exf6 Kf8 55. Kf5 Bb2 56. Ke6 Ba3 57. g7+ Kg8 58. Ne7+ 1-0

[Event "4NCL Online Division 4"]
[Site "online"]
[Date "2020.05.26"]
[Round "8.62"]
[White "Bush, Ian"]
[Black "Evans, Craig"]
[Result "1/2-1/2"]
[WhiteElo "1870"]
[BlackElo "1993"]
[PlyCount "28"]
[EventDate "2020.05.26"]
[WhiteTeam "Oxford 3"]
[BlackTeam "Celtic Tigers Cubs"]

1. e4 c5 2. d4 cxd4 3. c3 dxc3 4. Nxc3 e6 5. Nf3 Nc6 6. Bc4 a6 7. O-O b5 8. Bb3
Na5 9. Bc2 Bb7 10. Re1 Ne7 11. Bg5 f6 12. Be3 Ng6 13. Nd5 Nc4 14. Bd4 Be7
1/2-1/2

[Event "4NCL Online Division 4"]
[Site "online"]
[Date "2020.05.26"]
[Round "8.63"]
[White "Kitchen, Peter J"]
[Black "Hobson, Kenneth"]
[Result "1-0"]
[WhiteElo "1862"]
[BlackElo "1825"]
[PlyCount "141"]
[EventDate "2020.05.26"]
[WhiteTeam "Celtic Tigers Cubs"]
[BlackTeam "Oxford 3"]

1. Nf3 Nf6 2. d4 g6 3. c4 Bg7 4. g3 d6 5. Bg2 O-O 6. O-O Nbd7 7. Nc3 e5 8. e4
h6 9. h3 a5 10. b3 Re8 11. Be3 exd4 12. Nxd4 Nc5 13. Qc2 Be6 14. Rfe1 Qd7 15.
Kh2 a4 16. Rab1 h5 17. b4 Na6 18. Nd5 h4 19. g4 c6 20. Nb6 Qc7 21. Nxa8 Rxa8
22. Kg1 Rc8 23. Nxe6 fxe6 24. Qxa4 Qf7 25. Rbd1 Nd7 26. Rxd6 Ne5 27. Qd1 Nxb4
28. Rd8+ Rxd8 29. Qxd8+ Kh7 30. Qxh4+ Kg8 31. Qd8+ Kh7 32. Qd2 Nbd3 33. Rd1 Nb2
34. Rb1 Nbxc4 35. Qe2 b5 36. f4 Nxe3 37. Qxe3 Nc4 38. Qf2 Qd7 39. e5 Qd3 40.
Rb3 Qd1+ 41. Kh2 Qd7 42. Bf1 Qd2 43. Kg1 Qc1 44. Rd3 Bf8 45. Qh4+ Kg8 46. Rd8
Qe3+ 47. Kh1 Qxf4 48. Bxc4 bxc4 49. Qf6 Qe4+ 50. Kh2 Qe2+ 51. Kg3 Qe3+ 52. Kg2
Qe2+ 53. Qf2 Qe4+ 54. Qf3 Qxf3+ 55. Kxf3 c3 56. Ke3 Kf7 57. Rxf8+ Kxf8 58. h4
g5 59. h5 c5 60. Kd3 Kg7 61. Kxc3 Kf7 62. a4 Ke7 63. a5 Kd7 64. h6 c4 65. h7
Ke7 66. h8=Q Kd7 67. a6 Kc6 68. a7 Kd5 69. a8=Q+ Kc5 70. Qhc8+ Kb6 71. Qaa6#
1-0

[Event "4NCL Online Division 4"]
[Site "online"]
[Date "2020.05.26"]
[Round "8.64"]
[White "Cole, Graham"]
[Black "Hoong, Jonathan"]
[Result "0-1"]
[WhiteElo "1818"]
[BlackElo "1750"]
[PlyCount "128"]
[EventDate "2020.05.26"]
[WhiteTeam "Oxford 3"]
[BlackTeam "Celtic Tigers Cubs"]

1. e4 g6 2. d4 Bg7 3. Nc3 d6 4. Be3 Nf6 5. Qd2 O-O 6. O-O-O c6 7. Bh6 b5 8.
Bxg7 Kxg7 9. f3 h5 10. h4 b4 11. Nce2 a5 12. Nh3 Bxh3 13. Rxh3 Nbd7 14. Nf4 e5
15. dxe5 dxe5 16. Nd3 Qc7 17. Nf2 Rad8 18. Qe3 c5 19. Be2 c4 20. Rhh1 Rb8 21.
Kb1 c3 22. Qd3 Qb6 23. Rhf1 cxb2 24. Qd6 Qa7 25. Qa6 Qc7 26. Qc4 Qb6 27. Qa6
Qc5 28. Qc4 Qxc4 29. Bxc4 Nb6 30. Bb5 Nbd5 31. exd5 Rxb5 32. d6 Rd8 33. Ne4 Nd5
34. Rde1 f5 35. Ng5 Nc3+ 36. Kxb2 Rxd6 37. g4 hxg4 38. fxg4 f4 39. Ne4 Nxe4 40.
Rxe4 Rbd5 41. Rfe1 Kf6 42. h5 gxh5 43. gxh5 Rd8 44. Rg1 Rh8 45. Rc4 Rxh5 46.
Rc6+ Kf5 47. Rgg6 Ke4 48. Rc4+ Rd4 49. Rc5 Rd5 50. Rc4+ Ke3 51. Re6 f3 52. Rf6
e4 53. c3 Rh2+ 54. Kb3 f2 55. cxb4 axb4 56. Rc1 Ke2 57. Rc2+ Rd2 58. Rc1 Rd1
59. Rc2+ Ke1 60. Re6 Rh3+ 61. Kxb4 Re3 62. Rh6 f1=Q 63. Rhh2 Re2 64. Rhxe2+
Qxe2 0-1

[Event "4NCL Online Division 4"]
[Site "online"]
[Date "2020.05.26"]
[Round "8.71"]
[White "Spiller, Paul"]
[Black "Deary, Daniel"]
[Result "1/2-1/2"]
[WhiteElo "1900"]
[BlackElo "1833"]
[PlyCount "41"]
[EventDate "2020.05.26"]
[WhiteTeam "Clevedon"]
[BlackTeam "Bon Accord B"]

1. e4 Nf6 2. Nc3 d5 3. d4 dxe4 4. f3 exf3 5. Nxf3 Bg4 6. Be2 e6 7. O-O Be7 8.
Be3 O-O 9. Qe1 Nd5 10. Nxd5 Qxd5 11. Qg3 Bf5 12. c4 Qe4 13. Ne5 Bh4 14. Qf3
Qxf3 15. Bxf3 c6 16. d5 Bf6 17. dxc6 bxc6 18. Bd4 Rd8 19. Bc3 a5 20. Rfd1 Na6
21. Bxc6 1/2-1/2

[Event "4NCL Online Division 4"]
[Site "online"]
[Date "2020.05.26"]
[Round "8.72"]
[White "Vasiliadis, Theodoros"]
[Black "Bellingham, Andy"]
[Result "1/2-1/2"]
[WhiteElo "1820"]
[BlackElo "1885"]
[PlyCount "47"]
[EventDate "2020.05.26"]
[WhiteTeam "Bon Accord B"]
[BlackTeam "Clevedon"]

1. e4 e5 2. Nf3 Nc6 3. Bc4 Bc5 4. b4 Bxb4 5. c3 Be7 6. d4 d6 7. O-O Nf6 8. Re1
O-O 9. Ba3 Bg4 10. h3 Bxf3 11. gxf3 Nh5 12. Bb2 Nf4 13. Bf1 Bh4 14. Qd2 Qg5+
15. Kh2 Qh5 16. Bg2 Bg5 17. Qd1 Qh4 18. Rf1 Nxg2 19. Kxg2 Bf4 20. Na3 Qg5+ 21.
Kh1 Qh4 22. Kg2 Qg5+ 23. Kh1 Qh4 24. Kg2 1/2-1/2

[Event "4NCL Online Division 4"]
[Site "online"]
[Date "2020.05.26"]
[Round "8.73"]
[White "Peters, David"]
[Black "Brennan, J Ross"]
[Result "1-0"]
[WhiteElo "1795"]
[BlackElo "1706"]
[PlyCount "55"]
[EventDate "2020.05.26"]
[WhiteTeam "Clevedon"]
[BlackTeam "Bon Accord B"]

1. e4 c5 2. g3 d6 3. Bg2 Nc6 4. Ne2 e6 5. d3 Nf6 6. f4 Be7 7. O-O O-O 8. Nd2
Qc7 9. Nf3 a6 10. c3 b5 11. h3 Bb7 12. g4 e5 13. f5 d5 14. Ng3 dxe4 15. dxe4
Rfd8 16. Qc2 c4 17. Be3 Nd7 18. g5 Bc5 19. Qe2 Qb6 20. Bxc5 Nxc5 21. Kh2 Nd3
22. Nh5 Ne7 23. f6 gxf6 24. Nxf6+ Kg7 25. Nh4 Ng6 26. Qh5 Kf8 27. Qxh7 Ke7 28.
Nxg6+ 1-0

[Event "4NCL Online Division 4"]
[Site "online"]
[Date "2020.05.26"]
[Round "8.74"]
[White "McLeod, Alisdair"]
[Black "Iles, Stuart P"]
[Result "0-1"]
[WhiteElo "1421"]
[BlackElo "1832"]
[PlyCount "94"]
[EventDate "2020.05.26"]
[WhiteTeam "Bon Accord B"]
[BlackTeam "Clevedon"]

1. e4 Nc6 2. d4 d5 3. e5 f6 4. exf6 exf6 5. c3 Bd6 6. Bd3 Qe7+ 7. Ne2 Bg4 8.
O-O Qf7 9. Qc2 Nge7 10. b4 a6 11. a4 Bh5 12. Re1 Bg6 13. Bf4 Bxd3 14. Qxd3 Bxf4
15. Nxf4 O-O 16. Nd2 Ng6 17. Nxg6 Qxg6 18. Qxg6 hxg6 19. b5 Nd8 20. Nb3 Kf7 21.
Nc5 axb5 22. axb5 Rxa1 23. Rxa1 Re8 24. Kf1 b6 25. Na6 Re7 26. Nb4 Rd7 27. Ra7
Ke6 28. Ke2 Nf7 29. Nc6 Nd6 30. Ra8 Nxb5 31. Kd3 Kd6 32. Nb4 c5 33. Ra6 Rb7 34.
Nxd5 Kxd5 35. c4+ Kc6 36. d5+ Kd6 37. cxb5 Kxd5 38. Ra1 c4+ 39. Kc3 Kc5 40. Rb1
Re7 41. Rb2 Re1 42. Rd2 Kxb5 43. Rd7 Rc1+ 44. Kd2 Rf1 45. Ke2 Ra1 46. Rxg7 c3
47. Rxg6 c2 0-1